00522nam a22001697a 450000500170000001000150001702000260003203500130005803700130007108200140008410000170009824500590011526000400017427000600021430000280027450000500030220150923122446.0 aENG-113669 a9788178441412c995.00 aEN-97201 bDBAD/PUB a363.73874 aHegde, P. D. aGlobal warming :cby P. D. Hegdebeffects and remedy / aNew DelhibK. K. Publicationsc2014 a4806/24, Bharat Ram Road, Darya GanjbNew Delhie110002 a280p. :c23cm(Hb)bill. aIncludes bibliographical references and index